Клубы НХЛ 2024 - Statistics

General Stats
  • This quiz has been taken 34 times
  • The average score is 11 of 32
Answer Stats
Дивизион Клуб % Correct
Столичный Вашингтон Кэпиталз
77%
Столичный Нью-Йорк Рейнджерс
58%
Атлантический Оттава Сенаторз
50%
Центральный Юта
50%
Столичный Нью-Йорк Айлендерс
46%
Столичный Питсбург Пингвинз
46%
Тихоокеанский Эдмонтон Ойлерз
46%
Атлантический Флорида Пантерз
42%
Атлантический Бостон Брюинз
38%
Тихоокеанский Сан-Хосе Шаркс
38%
Центральный Колорадо Эвеланш
35%
Тихоокеанский Анахайм Дакс
35%
Атлантический Торонто Мэйпл Лифс
31%
Атлантический Тампа-Бэй Лайтнинг
31%
Атлантический Детройт Ред Уингз
31%
Атлантический Монреаль Канадиенс
31%
Центральный Даллас Старз
31%
Центральный Виннипег Джетс
31%
Центральный Сент-Луис Блюз
31%
Центральный Миннесота Уайлд
31%
Тихоокеанский Сиэтл Кракен
31%
Столичный Филадельфия Флайерз
27%
Центральный Чикаго Блэкхоукс
27%
Тихоокеанский Ванкувер Кэнакс
27%
Тихоокеанский Лос-Анджелес Кингз
27%
Тихоокеанский Вегас Голден Найтс
27%
Тихоокеанский Калгари Флэймз
27%
Столичный Каролина Харрикейнз
23%
Столичный Нью-Джерси Дэвилз
23%
Столичный Коламбус Блю Джекетс
23%
Центральный Нэшвилл Предаторз
23%
Атлантический Баффало Сэйбрз
15%
No matching quizzes found
Score Distribution
Percent of People with Each Score
Percentile by Number Answered
Your Score History
You have not taken this quiz